| 000 | 02706nam a2200241 a 4500 | ||
|---|---|---|---|
| 999 |
_c10799 _d10799 |
||
| 001 | 10799 | ||
| 003 | BD-JhCC | ||
| 005 | 20190406131616.0 | ||
| 008 | 190406s 2012bg |||| |||| 000 0 ben d | ||
| 020 | _a9844330661 | ||
| 035 | _a(BD-JhCC)10799 | ||
| 040 |
_aBD-JhCC _dBD-JhCC |
||
| 041 | _aben | ||
| 082 |
_a954.9205 _bMAS 2012 |
||
| 100 | _aম্যাসকারেনহাস, অ্যান্থনী | ||
| 245 |
_aবাংলাদেশ : _b রক্তের ঋণ / _cঅ্যান্থনী ম্যাসকারেনহাস, অনু. মোহাম্মদ শাহজাহান |
||
| 260 |
_aঢাকা : _bহাক্কানী পাবলিশার্স, _c২০১২. |
||
| 300 |
_a২১৬ পৃ. : _c২০ সেমি. |
||
| 520 | _aসূচীপত্র * মুদ্রিত ছবি ও দলিলপত্রের তালিকা * অবতরণিকা * প্রেসিডেন্ট জিয়াউর রহমানের গুপ্ত হত্যার জন্যে অভিযুক্ত (জেনারেল কোর্ট মার্শাল কর্তৃক) ও ফাঁসিতে নিহত অফিসারদের তালিকা * প্রথম অধ্যায় : শেখ মুজিব আর মেজরবৃন্দ * দ্বিতীয় অধ্যায় : যাত্রায় ভুল * তৃতীয় অধ্যায় : মানব দেবতার পতন * চতুর্থ অধ্যায় : মুজিবের মিলিটা্রী ভীতি * পঞ্চম অধ্যায় : দুঃসময় * ষষ্ঠ অধ্যায় : মোশতাক রাজি * সপ্তম অধ্যায় : শেখ মুজিব হত্যাকাণ্ড * অষ্টম অধ্যায় : মোশতাকের ক্ষমতা গ্রহণর * নবম অধ্যায় : পাল্টা অভ্যুত্থান ও জেলহত্যা * দশম অধ্যায় : একটি স্মরণীয় রাত * একাদশ অধ্যায় : জিয়া একটি নাম একটি কিংবদন্তী * দ্বাদশ অধ্যায় : অভ্যুত্থান , বিদ্রোহ আর প্রাণদণ্ড * ত্রয়োদশ অধ্যায় : জেনারেল জিয়ার হত্যা পর্ব | ||
| 650 |
_aHistory _xBangladesh _y1971 |
||
| 700 | _aশাহজাহান, মোহাম্মদ | ||
| 942 |
_2ddc _cBK |
||